000 00380nam a22001697a 4500
003 UA-OsUOA
001 4942
007 ta
008 20050721b un ||||| |||| 00| 0 ukr d
100 _aLevine
700 _aAdina
942 _cBK
040 _aUA-OsUOA
_cUA-OsUOA
_dUA-OsUOA
245 _aBuild It Up. An Advanced Course in ESL Reading.
_bReading
955 _a2
650 7 _2UDC
999 _c291104
_d291104